Cestopisy Vajanského: medzi ideológiou a umením

Bibliographic Details
Main Author: Taranenková, Ivana, 1976- (Author)
Format: Article
Language:Slovak
PhysicalDescription:Fotogr.
ISSN:1335-8316
Subjects:

MARC

LEADER 00000nab a2200000 a 4500
001 vtls009007937
003 SK-MaSNL
005 20260304154305.0
008 250507c2007 xo |||| | | 000 b|slo
015 |a SNBRB2007/07  |2 snkbucl 
035 |a (uuid)ac49f174-96fa-41da-98e2-a30b0ddf53f9 
035 |a urn:nbn:sk:snk-ab9aav 
035 |a (urnnbn)urn:nbn:sk:snk:ar-a084fk 
038 |a SNKBUCL 
040 |a SNKBUCL  |b slo  |c SNKBUCL  |e AACR2 
041 0 |a slo 
044 |a xo  |c SK 
080 |a 82:929:821.162.4  |2 1997 
080 |a 821.162.4:929  |2 1997 
080 |a 821.162.4-992.09  |2 1997 
080 |a 82.09:821.162.4-992  |2 1997 
100 1 |a Taranenková, Ivana,  |d 1976-  |4 aut  |9 103944 
245 1 0 |a Cestopisy Vajanského: medzi ideológiou a umením  |c Ivana Taranenková 
300 |b Fotogr. 
600 1 7 |a Vajanský, Svetozár Hurban,  |d 1847-1916  |2 snkbucl  |9 110614 
650 0 7 |a cestopisy  |2 snkbucl  |9 186227 
650 0 7 |a cestopisné prózy  |2 snkbucl  |9 1201103 
773 0 |t História  |g Roč. 7, č. 3 (2007), s. 48-50  |x 1335-8316 
850 |a Slovenská národná knižnica 
852 |a Slovenská národná knižnica 
954 |a odborná, vedecká literatúra pôvodná (slovenská)  |2 lita 
958 |a article13 
958 |a OND 
958 |a LX 
958 |a SK 
958 |a EUIPO 
999 |c 2956990  |d 2958920